LEADER 01074nam a2200301 i 4500 001 991000487809707536 005 20020503181835.0 008 960426s1989 it ita 020 $a8820425378 035 $ab1008485x-39ule_inst 035 $aLE02516954$9ExL 040 $aFac. Economia$bita 082 0 $a343.07891 082 0 $a346 100 1 $aCocco, Costantino$0460500 245 10$aDiritto privato per il turismo /$cCostantino Cocco 250 $a2. ed 260 $aMilano :$bAngeli,$c1989 300 $a417 p. ;$c22 cm 490 0 $aCollana di studi e ricerche sul turismo ;$v4 500 $aIn testa al front.: Centro italiano di studi superiori sul turismo, Assisi 650 4$aTurismo$xDiritto privato 907 $a.b1008485x$b27-06-18$c27-06-02 912 $a991000487809707536 945 $aLE025 ECO 343 COC04.01$g1$i2025000005396$lle025$nCatalogato 2018$o-$pE0.00$q-$rl$s- $t0$u4$v0$w4$x0$y.i10097806$z27-06-02 996 $aDiritto privato per il turismo$9196155 997 $aUNISALENTO 998 $ale025$b01-01-96$cm$da $e-$fita$git $h0$i1 LEADER 01500nas 2200517- 450 001 9910901766403321 005 20240611213014.0 011 $a2271-751X 035 $a(DE-599)ZDB2750217-X 035 $a(OCoLC)945784359 035 $a(CKB)4100000001112407 035 $a(CONSER)--2021244445 035 $a(EXLCZ)994100000001112407 100 $a20130912a20019999 --- - 101 0 $aeng 135 $aur||||||||||| 181 $ctxt$2rdacontent 182 $cc$2rdamedia 183 $acr$2rdacarrier 200 02$aL'Espace géographique 205 $aEnglish edition. 210 1$aParis :$cEditions Belin,$d2013- 215 $a1 online resource 300 $aRefereed/Peer-reviewed 300 $aFull text translations only exist for a selection of articles. 2012- 531 1 $aEspace géogr. 606 $aHuman geography$vPeriodicals 606 $aGeography$vPeriodicals 606 $aGeography$2fast$3(OCoLC)fst00940469 606 $aHuman geography$2fast$3(OCoLC)fst00963107 606 $aGeografia humana$vRevistes$2lemac 606 $aGeografia$vRevistes$2lemac 608 $aPeriodicals.$2fast 608 $aPeriodicals.$2lcgft 615 0$aHuman geography 615 0$aGeography 615 7$aGeography. 615 7$aHuman geography. 615 7$aGeografia humana 615 7$aGeografia 676 $a304.2/05 676 $a910 906 $aJOURNAL 912 $a9910901766403321 996 $aEspace géographique$9794990 997 $aUNINA